Cambios en la estructura y localización de la población (Record no. 185311)

MARC details
000 -LEADER
campo de control de longitud fija 01020nam a2200277 i 4500
001 - NÚMERO DE CONTROL
campo de control 185311
003 - IDENTIFICADOR DE NÚMERO DE CONTROL
campo de control SpMaBN
005 - FECHA Y HORA DE LA ÚLTIMA TRANSACCIÓN
campo de control 20250902225555.0
008 - DATOS DE LONGITUD FIJA--INFORMACIÓN GENERAL
campo de control de longitud fija 160519s2015 sp bd |||| |dspa d
020 ## - NÚMERO INTERNACIONAL ESTÁNDAR DEL LIBRO
Número Internacional Estándar del Libro 978-84-92937-61-5
080 ## - NÚMERO DE LA CLASIFICACIÓN DECIMAL UNIVERSAL
Número de la Clasificación Decimal Universal 314(460)"18/20"
245 00 - MENCIÓN DEL TÍTULO
Título Cambios en la estructura y localización de la población
Resto del título : una visión de largo plazo (1842-2011) /
Mención de responsabilidad, etc. Francisco J. Goerlich Gisbert, Francisco Ruiz González, Pilar Chorén Rodríguez, Carlos Albert Pérez.
250 ## - MENCION DE EDICION
Mención de edición 1ª ed.
260 ## - PUBLICACIÓN, DISTRIBUCIÓN, ETC.
Lugar de publicación, distribución, etc. Bilbao :
Nombre del editor, distribuidor, etc. Fundación BBVA,
Fecha de publicación, distribución, etc. 2015.
300 ## - DESCRIPCIÓN FÍSICA
Extensión 354 p. :
Otras características físicas gráf., mapas col. ;
Dimensiones 24 cm.
500 ## - NOTA GENERAL
Nota general Glosario.
500 ## - NOTA GENERAL
Nota general Índices.
504 ## - NOTA DE BIBLIOGRAFÍA, ETC.
Nota de bibliografía, etc. Bibliografía: p. 331-338.
651 #7 - PUNTO DE ACCESO ADICIONAL DE MATERIA--NOMBRE GEOGRÁFICO
Nombre geográfico España-
Subdivisión general Población-
Subdivisión cronológica S.XIX.
9 (RLIN) 156718
651 #4 - PUNTO DE ACCESO ADICIONAL DE MATERIA--NOMBRE GEOGRÁFICO
Nombre geográfico España-
Subdivisión general Población-
Subdivisión cronológica S.XX.
9 (RLIN) 8392
700 1# - ENTRADA AGREGADA--NOMBRE PERSONAL
Nombre de persona Goerlich, Francisco J.
9 (RLIN) 57565
710 2# - ENTRADA AGREGADA--NOMBRE DE ENTIDAD CORPORATIVA
Nombre de entidad corporativa o nombre de jurisdicción como elemento de entrada Fundación BBVA
9 (RLIN) 4230
852 ## - LOCALIZACIÓN
Ubicación ES-MaACL
Número de control de estantería A-13760
itemnumber 192336
Sublocalización o colección R.151055
Ubicación en estantería Depósito 1
Signatura antigua Olim: N-6760
942 ## - ELEMENTOS DE ENTRADA SECUNDARIOS (KOHA)
Fuente del sistema de clasificación o colocación Clasificación decimal universal
Tipo de ítem Koha Libro impreso
Holdings
Estatus retirado Estado de pérdida Fuente del sistema de clasificación o colocación Estado de daño No para préstamo Biblioteca de origen Biblioteca actual Ubicación en estantería Fecha de adquisición Fuente de adquisición Total de préstamos Signatura topográfica completa Código de barras Visto por última vez Precio de reemplazo Tipo de ítem Koha
    Clasificación decimal universal     Biblioteca del Ateneo de Madrid Biblioteca del Ateneo de Madrid Depósito 1 19/05/2016 Donación   A-13760 1195238 23/02/2023 23/02/2023 Libro impreso